Random Trivia Quiz - Statistics

General Stats
  • This quiz has been taken 90 times
  • The average score is 4 of 10
Answer Stats
Hint Answer % Correct
What is the only letter that DOES NOT appear on the periodic table of elements? J
81%
Only one metal is liquid at room temperature. What metal is it? Mercury
66%
What is the largest internal organ in the human body? Liver
59%
Which country won the first ever FIFA World Cup in 1930? Uruguay
36%
What is the name of the NFL all-star game? Pro Bowl
26%
What is the largest moon of Saturn? Titan
26%
What does an ornithologist study? Birds
23%
In Greek mythology, who was condemned to roll a boulder up a hill for eternity? Sysiphus
22%
What lake is located just west of Carson City? Lake Tahoe
19%
Who was the first president to have electricity in the White House? Benjamin Harrison
3%
No matching quizzes found
Score Distribution
Percent of People with Each Score
Percentile by Number Answered
Your Score History
You have not taken this quiz